000 01504cam a22003734i 4500
003 PE-LiUPU
005 20250731175622.0
008 150617s1981 r 000 0 eng d
035 _a(Sirsi) a204192
040 _aPE-LiUPU
_bspa
_cPE-LiUPU
_erda
049 _aPRUA
082 0 4 _a447.02
_bK41
_221
100 1 _aKendris, Christopher,
_eautor.
245 1 0 _a301 french verbs :
_bfully conjugated in the tenses /
_cBy Christopher Kendris.
246 3 _aTrescientos uno french verbs
264 1 _aU.S.A :
_bBarron's,
_c1981.
300 _a346 páginas ;
_c20 centímetros
336 _atext
_2rdacontent
337 _aunmediated
_2rdamedia
338 _avolume
_2rdacarrier
505 2 _aAbbreviations -- Introduction -- Verbs conjugated with avoir or etre to form a compound tense -- Formation of the present and past participles in French -- Principal parts of some important verbs -- Tables showing derivation of tense of verbs conjugated with avoir and etre -- Sample english verb conjugation.
526 _aP145
526 _aP127
526 _aP97
526 _aP35
526 _aP14
526 _aP07
650 0 4 _aLengua francesa
942 _2ddc
_cBOOK
994 _aC0
_bPEPRU
596 _a1
999 _a447.02 K41
_wLC
_c20566
_i76044
_f2021-11-5
_g4
_lCCODEBUL1
_mBUL
_p10.00
_r0
_sY
_tBOOK
_u2017-5-31
_xBIBLIOTECA
_PP85
_0COMPRA
_o.STAFF. Colección Teología
_d20566
980 _81
_gALBERTO SANCHEZ Responsable de Automatización